000 01712nam a2200361 c 4500
003 BLK
005 20240315132847.0
008 180408b bul|||||r ||||||| ||bul||
010 _aKNG00084831000
020 _a978-954-9882-69-8
_bиздат.: Анхира
040 _aBLK
041 _aBUL
_cBUL
080 _aВъзпитание у дома. Семейно възпитание
_b37.018.1
_x
_z37.018.1
080 _aПсихология на детската възраст. Интелектуално развитие на децата. Психически особености. Детски представи, описани в разкази
_b159.922.7
_x
_z159.922.7
100 1 _aКафри, Джанин Уокър
_eпърви автор
_977686
700 1 _aТодорова, Ива
_eпрев.
_9299622
139 _aКафри, Джанин Уокър
_bК 47
245 1 0 _aУстремени към успех
_bДевет начина да мотивираме децата си
_cДжанин Уокър Кафри; прев. Ива Тодорова.
257 _aUSA
260 София
_bАнхира
_c2006
_fСофия : Инвестпрес
300 _a262 с.
_c20 см
380 _a3
650 4 _aВъзпитание в семейството - социално-педагогически проблеми
_9256273
650 4 _aПсихология, детска
_9260666
653 _aсемейно възпитание
653 _aдетска психология
852 _aЦб 240731
856 4 _qpdf
_u
856 4 _qpdf
_u
942 _cKNG
_n0
_06
944 _aCR
_c14.08.2008
_k30530
_lМинев Младен
944 _aED
_c21.08.2008
_k
999 _c80346
_d80346